The noble scholar, jurist, historian


 His Excellency Dr. Abdul Wahhab bin Ibrahim Abu Sulaiman, may Allah have mercy on him.


 He was born in Umm Al-Qura in the year 1356 AH.

قمع الدجاجلة الطاعنين في معتقد أئمة الإسلام الحنابلة : (Record no. 12645)

MARC details
000 -LEADER
fixed length control field 01506cam a22003011i 4500
003 - CONTROL NUMBER IDENTIFIER
control field SA-RiAUC
005 - DATE AND TIME OF LATEST TRANSACTION
control field 20251020074102.0
008 - FIXED-LENGTH DATA ELEMENTS--GENERAL INFORMATION
fixed length control field 251014s2003 su g b 00010 ara c
020 ## - INTERNATIONAL STANDARD BOOK NUMBER
International Standard Book Number 9960433471
040 ## - CATALOGING SOURCE
Original cataloging agency KAAU
Language of cataloging ara
Transcribing agency SA-RiAUC
Description conventions rda
082 04 - DEWEY DECIMAL CLASSIFICATION NUMBER
Classification number 258.4
090 ## - LOCALLY ASSIGNED LC-TYPE CALL NUMBER (OCLC); LOCAL CALL NUMBER (RLIN)
Classification number (OCLC) (R) ; Classification number, CALL (RLIN) (NR) 258.4
Local cutter number (OCLC) ; Book number/undivided call number, CALL (RLIN) ر ا ج
100 1# - MAIN ENTRY--PERSONAL NAME
Personal name الراجحي، عبد العزيز بن فيصل،
Dates associated with a name 1974-
Relator term مؤلف.
245 10 - TITLE STATEMENT
Title قمع الدجاجلة الطاعنين في معتقد أئمة الإسلام الحنابلة :
Remainder of title رد على حسن بن فرحان المالكي في كتابه قراءة في كتب العقائد /
Statement of responsibility, etc. تأليف عبد العزيز بن فيصل الراجحي ؛ تقديم صالح بن فوزان بن عبد الله الفوزان.
250 ## - EDITION STATEMENT
Edition statement الطبعة الأولى.
264 #1 - PRODUCTION, PUBLICATION, DISTRIBUTION, MANUFACTURE, AND COPYRIGHT NOTICE
Place of production, publication, distribution, manufacture الرياض :
Name of producer, publisher, distributor, manufacturer عبد العزيز بن فيصل الراجحي،
Date of production, publication, distribution, manufacture, or copyright notice 2003
300 ## - PHYSICAL DESCRIPTION
Extent 519 صفحة ؛
Dimensions 20 سم
336 ## - CONTENT TYPE
Content type term نص
Content type code txt
Source rdacontent
Materials specified كتاب
337 ## - MEDIA TYPE
Media type term بدون وسيط
Media type code n
Source rdamedia
338 ## - CARRIER TYPE
Carrier type term مجلد
Carrier type code nc
Source rdacarrier
504 ## - BIBLIOGRAPHY, ETC. NOTE
Bibliography, etc. note يشتمل على ببليوجرافية.
650 #7 - SUBJECT ADDED ENTRY--TOPICAL TERM
Topical term or geographic name entry element الفقه الحنبلي
Source of heading or term aucsh
700 1# - ADDED ENTRY--PERSONAL NAME
Personal name الفوزان، صالح بن فوزان بن عبد الله،
Dates associated with a name 1354 هجري-
Relator term مقدم.
700 12 - ADDED ENTRY--PERSONAL NAME
Personal name المالكي، حسن بن فرحان،
Dates associated with a name 1390 هجري-
740 02 - ADDED ENTRY--UNCONTROLLED RELATED/ANALYTICAL TITLE
Uncontrolled related/analytical title قراءة في كتب العقائد : المذهب الحنبلي نموذجا.
942 ## - ADDED ENTRY ELEMENTS (KOHA)
Source of classification or shelving scheme Dewey Decimal Classification
Koha item type Books
Suppress in OPAC No
949 ## - LOCAL PROCESSING INFORMATION (OCLC)
a SA-JeALM
d 251014
u mohamedma123
n 1
Holdings
Withdrawn status Lost status Source of classification or shelving scheme Damaged status Not for loan Home library Current library Date acquired Total checkouts Full call number Barcode Date last seen Price effective from Koha item type
    Dewey Decimal Classification     DR AbdElwahab Library DR AbdElwahab Library 10/20/2025   258.4 ر ا ج 000020396 10/20/2025 10/20/2025 Books